LEADER 00883nam a2200217 i 4500 001 000000216986 003 CaOOAMICUS 005 20121116000000.0 008 121116n it u000 u ita u 013 $a195882 040 $aSeMil$bita 100 1 $aRoberti, Melchiorre.$0(OLS)http://semarc/name/12569 245 10$a2. 300 $a525 p., [7] c. di tav. :$bill. 490 0 $aStudi e testi di storia milanese ;$v1 500 $aSul front.: Sotto gli auspici dell'Istituto d'alta cultura. 773 0 $aRoberti, Melchiorre$tMilano capitale napoleonica.$dMilano : Fondazione Treccani degli Alfieri per la storia di Milano, 1946.$w()27666 830 0$aStudi e testi di storia milanese ;$v1.$0(OLS)http://semarc/title/37468 850 $aSeMil 852 $aSeMil$W1$xVenegono$y1$m3O III 161$j167402$B167402$CSeMilBibl$Z2$F178195 $81 996 $6245$a2$9(OLS)http://semarc/title/46889 LEADER 01514nam a2200301 i 4500 001 000000149687 003 CaOOAMICUS 005 20060412000000.0 008 060412s2005 it u000 u eng u 013 $a127015 020 $a88-213-0565-1 040 $aSeMil$bita 245 10$aTranscending boundaries :$bcontemporary readings of the New Testament : essays in Honor of Francis J. Moloney /$cedited by Rekha M. Chennattu and Mary L. Coloe. 260 $aRoma :$bLAS,$c2005. 300 $a320 p. :$b[1] c. di ritr. ;$c24 cm. 490 0 $aBiblioteca di scienze religiose ;$v187 650 4$aBibbia. Nuovo Testamento - Commentari, studi, critica, interpretazioni.$0(OLS)http://semarc/subject/184 650 4$aMoloney, Francis J.$0(OLS)http://semarc/subject/29258 700 1 $aMoloney, Francis James.$0(OLS)http://semarc/name/59101 700 1 $aColoe, Mary L.$0(OLS)http://semarc/name/59103 700 1 $aChennattu, Rekha M.$0(OLS)http://semarc/name/59102 830 0$aBiblioteca di scienze religiose ;$v187.$0(OLS)http://semarc/title/239 850 $aSeMil 852 $aSeMil$W1$xVenegono$y1$m2UA C 187$j228603$B101888$CSeMilBibl$Z2$F110619 $81 961 $aSottoscrizione: Cittą Nuova (Agente) 996 $6020$a88-213-0565-1$9(OLS)http://semarc/number/138870 996 $6245$aTranscending boundaries :$bcontemporary readings of the New Testament : essays in Honor of Francis J. Moloney$9(OLS)http://semarc/title/218811 996 $6260$aRoma :$bLAS$9(OLS)http://semarc/publisher/29900